000 00687nam a22002417a 4500
001 BR6000613
003 BR-BrBNA
005 20230928083034.0
007 ta
008 230509b bl.||||| |||| 00| 0 por d
040 _aBR-BrBNA
_bpor
_cBiblioteca Nacional de Agricultura
041 _a(Por)
072 _aE70
_b/G514
090 _ E70 BR6000613
110 1 _aComissao de Financiamento da Producao, Brasilia, DF (Brasil)
_91989
245 1 _aExecucao da politica de precos minimos em 1968 [Brasil]
260 3 _aBrasilia, DF (Brasil):
_c1969.
300 _a8 p.
650 _aPRECO MINIMO
650 _aPOLITICA DE PRECO
909 _a202309
_bLucia
_c55
_dLucia Elande
942 _cBK
999 _c11229
_d11229